000 00332nam a22001457a 4500
008 221124b ||||| |||| 00| 0 eng d
020 _a9781284036695
041 _aeng
080 _2FOURTH EDITION
_a615.83
082 _a615.83 FIN
100 _a16.2
101 _aEGZ
245 _aSPORTS NUTRITION
_cFINK H.H
942 _2udc
_cBK
999 _c59028
_d59028